| 000 | 00561nam a2200169 a 4500 | ||
|---|---|---|---|
| 001 | 000023017 | ||
| 005 | 20200930021932.0 | ||
| 008 | 101124s1995 nq r 000 | spa d | ||
| 040 |
_aDO-SdBNP _bspa _cBNPHU |
||
| 082 |
_axxx _bL776n |
||
| 245 | 1 | 0 |
_aLiteratura para niños en Nicaragua : _bantología / _ccompilado por Vidaluz Meneses, Jorge Eduardo Arellano. |
| 260 |
_aManagua : _bDistrtibuidora Cultural, _c1995. |
||
| 300 |
_a187 p. ; _c22 cm. |
||
| 700 | 1 |
_aMeneses, Vidaluz _ecomp. _947354 |
|
| 700 | 1 |
_aArellano, Jorge Eduardo _ecomp. _933703 |
|
| 049 | _aBNGR | ||
| 999 |
_c22514 _d22514 |
||